LEADER 03174nam 2200445 n 450 001 996393208403316 005 20230426230713.0 035 $a(CKB)4940000000112480 035 $a(EEBO)2248517240 035 $a(UnM)99872145e 035 $a(UnM)99872145 035 $a(EXLCZ)994940000000112480 100 $a19850607d1655 uy | 101 0 $aeng 135 $aurbn#|||a|bb| 200 14$aThe great mysteries of godlinesse and ungodlinesse$b[electronic resource] $eThe one opened from that eternall truth of the un-erring Scripture of the ever-blessed Jesus. The other discovered from the writings and speakings of a generation of deceivers, called Quakrrs [sic]. Wherein their sathanicall depths, and diabolicall delusions, not hitherto so fully known, are laid open. And that which (as they often say) they have to deliver to the world, which it is not yet able to receive, is most probably manifested, a little before their time. To the rendring them and their way abhorred to all true Christians. Unfolding also, the delusive manner of their arguings, answerings, and discoursings. In all which their chief endevour is, to conceale themselves and their opinions from being known and discovered. /$fPublished for the reduching of such as are seduced: and the establishing such as yet stand, from being seduced by them: by Ra: Farmer, a servant of that Jesus Christ that was crucified at Jerusalem above sixteen hundred years ago 210 $aLondon $cPrinted by S.G. for William Ballard, book-seller in Corn-street, at the sign of the Bible in Bristoll: and Joshua Kirton in Pauls Church-yard.$d1655 215 $a[10], 95, [1] p 300 $aIncludes: Farmer, Ralph. Mysterie. Babylon the great; Philip Bennett, Edward Burrough and Francis Howgill. Answers to several qveries put forth to the despised people called Quakers (this includes Burrough and Howgil's "Answers to several other subtil queries, &c."), 1654; Atkinson, Christopher. The sword of the Lord drawn and furbish's against the man of sin, 1654. Each has a separate dated title page; pagination and register are continuous. 300 $aWith an errata leaf, pp. [9-10]. 300 $aAnnotation on Thomason copy: "Jan: 23 1654". The last 5 in 1655 has been crossed out. On title page of the Sword of the Lord: "Jan: 22". 300 $aImperfect; Thomason copy lacks errata. 300 $aReproductions of the originals in the British Library (Thomason Tracts) and Union Theological Seminary Library, New York (Early English Books). 330 $aeebo-0158 606 $aQuakers$vControversial literature$vEarly works to 1800 615 0$aQuakers 700 $aFarmer$b Ralph$01007746 701 $aBennett$b Philip$cminister.$0192538 701 $aBurrough$b Edward$f1634-1662.$01001305 701 $aHowgill$b Francis$f1618-1669.$01001324 701 $aAtkinson$b Christopher$factive 1652 or 1653-1655.$01350530 801 0$bCu-RivES 801 1$bCu-RivES 801 2$bUk-ES 801 2$bCStRLIN 801 2$bWaOLN 906 $aBOOK 912 $a996393208403316 996 $aThe great mysteries of godlinesse and ungodlinesse$93089092 997 $aUNISA LEADER 04698nam 22007935 450 001 9910508455303321 005 20251225180520.0 010 $a3-030-90453-9 024 7 $a10.1007/978-3-030-90453-1 035 $a(CKB)4940000000615864 035 $a(MiAaPQ)EBC6799125 035 $a(Au-PeEL)EBL6799125 035 $a(OCoLC)1284916269 035 $a(PPN)258838582 035 $a(BIP)82135250 035 $a(BIP)81776605 035 $a(DE-He213)978-3-030-90453-1 035 $a(iGPub)SPNA0089835 035 $a(EXLCZ)994940000000615864 100 $a20211104d2021 u| 0 101 0 $aeng 135 $aurcnu|||||||| 181 $ctxt$2rdacontent 182 $cc$2rdamedia 183 $acr$2rdacarrier 200 10$aTheory of Cryptography $e19th International Conference, TCC 2021, Raleigh, NC, USA, November 8?11, 2021, Proceedings, Part II /$fedited by Kobbi Nissim, Brent Waters 205 $a1st ed. 2021. 210 1$aCham :$cSpringer International Publishing :$cImprint: Springer,$d2021. 215 $a1 online resource (764 pages) 225 1 $aSecurity and Cryptology,$x2946-1863 ;$v13043 311 08$a3-030-90452-0 320 $aIncludes bibliographical references and index. 327 $aDory: Efficient, Transparent arguments for Generalised Inner Products and Polynomial Commitments -- On Communication-E cient Asynchronous MPC with Adaptive Security -- Efficient Perfectly Secure Computation with Optimal Resilience -- On Communication Models and Best-Achievable Security in Two-Round MPC -- Generalized Pseudorandom Secret Sharing and Efficient Straggler-Resilient Secure Computation -- Blockchains Enable Non-Interactive MPC -- Multi-party PSM, Revisited: Improved Communication and Unbalanced Communication -- Multi-Party Functional Encryption -- Succinct LWE Sampling, Random Polynomials, and Obfuscation -- ABE for DFA from LWE against Bounded Collusions, Revisited -- Distributed Merkle's Puzzles -- Continuously Non-Malleable Secret Sharing: Joint Tampering, Plain Model and Capacity -- Disappearing Cryptography in the Bounded Storage Model -- Trojan-Resilience without Cryptography -- On Derandomizing Yao's Weak-to-Strong OWF Construction -- Simple Constructions from (Almost) Regular One-Way Functions -- On Treewidth, Separators and Yao's Garbling -- Oblivious Transfer from Trapdoor Permutations in Minimal Rounds -- The Cost of Adaptivity in Security Games on Graphs -- Concurrent Composition of Differential Privacy -- Direct Product Hardness Amplifcation -- On the (Ir)Replaceability of Global Setups, or How (Not) to Use a Global Ledger -- BKW Meets Fourier: New Algorithms for LPN with Sparse Parities -- Computational Robust (Fuzzy) Extractors for CRS-dependent Sources with Minimal Min-entropy -- Polynomial-time targeted attacks on coin-tossing for any number of corruptions.-. 330 $aThe three-volume set LNCS 13042, LNCS 13043 and LNCS 13044 constitutes the refereed proceedings of the 19th International Conference on Theory of Cryptography, TCC 2021, held in Raleigh, NC, USA, in November 2021. The total of 66 full papers presented in this three-volume set was carefully reviewed and selected from 161 submissions. They cover topics on proof systems, attribute-based and functional encryption, obfuscation, key management and secure communication. 410 0$aSecurity and Cryptology,$x2946-1863 ;$v13043 606 $aCryptography 606 $aData encryption (Computer science) 606 $aData structures (Computer science) 606 $aInformation theory 606 $aComputer engineering 606 $aComputer networks 606 $aComputer networks$xSecurity measures 606 $aCryptology 606 $aData Structures and Information Theory 606 $aComputer Engineering and Networks 606 $aComputer Engineering and Networks 606 $aMobile and Network Security 615 0$aCryptography. 615 0$aData encryption (Computer science) 615 0$aData structures (Computer science) 615 0$aInformation theory. 615 0$aComputer engineering. 615 0$aComputer networks. 615 0$aComputer networks$xSecurity measures. 615 14$aCryptology. 615 24$aData Structures and Information Theory. 615 24$aComputer Engineering and Networks. 615 24$aComputer Engineering and Networks. 615 24$aMobile and Network Security. 676 $a005.824 702 $aNissim$b Kobbi 702 $aWaters$b Brent 801 0$bMiAaPQ 801 1$bMiAaPQ 801 2$bMiAaPQ 906 $aBOOK 912 $a9910508455303321 996 $aTheory of Cryptography$93000229 997 $aUNINA